00815nam a2200193 a 450000100100000000500170001000800410002702000180006804000250008610000240011124500430013526000370017830000200021550000420023595201110027795201050038895201110049399900170060400004378320201002044951.0140429s2014 dr 000 0 spa d a9789945080322 aDO-SdBNPbspacBNPHU1 aT. M., Edwar97162110aEdartena :bCancionero. /cEdwar T. M. aSanto Domingo, :b[s.d.],c2014. a49 p. ;c22 cm. aIncluye datos biografícos del autor 0010718DSaGRbGRcCTd2014-04-29iLF1l0o p43783-30r2020-06-25te. 3w2020-06-25yLFDSZNo se presta 0010718PDaPDbPDcCTd2014-04-29iLF1l0o p43783-10r2020-06-25w2020-06-25yLFPDZNo se presta 0010718PDaPDbPDcCTd2014-04-29iLF1l0o p43783-20r2020-06-25te. 2w2020-06-25yLFPDZNo se presta c43272d43272